Neo - Uliron
| Format: | Book |
|---|---|
| Language: | English |
| PhysicalDescription: | 9 s. |
| Published: |
[ Bayer ]
[ Leverkusen a. Rh. ]
[ 1944 ]
|
MARC
| LEADER | 00000nam a2200000 a 4500 | ||
|---|---|---|---|
| 001 | vtls008629713 | ||
| 003 | SK-MaSNL | ||
| 005 | 20260224074044.0 | ||
| 008 | 060308 000 0 eng | ||
| 040 | |a SNK |b slo |c SNK |e AACR2 | ||
| 245 | 1 | |a Neo - Uliron | |
| 260 | |a [ Bayer ] |b [ Leverkusen a. Rh. ] |c [ 1944 ] | ||
| 300 | |a 9 s. | ||
| 999 | |c 910002 |d 911932 | ||
| 952 | |a SNK |b SNK |y PREZ |7 0 |p 17A0500317 |o snkSD 13025 |i snk2889/57 |3 rekatalogizácia |0 0 |1 0 |4 0 |d 2006-03-08 |l 0 |r 2025-11-26 00:00:00 |w 2026-02-24 | ||


